000 00266nam a2200097Ia 4500
001 650457
005 20250826154359.0
008 250824s9999 xx 000 0 und d
245 0 _a12 Sir Herbert Zindantaşı’nın Hayaleti
_c Kate McMullan
260 _bBEYAZ BALİNA
999 _c650457
_d650457